000 00579nam a2200229Ia 4500
005 20221028114357.0
008 131103s9999 xx 000 0 und d
020 _a8171694780
_cRs 375
040 _aLoreto College
041 _aEnglish
082 _a158.3
_bSHA
100 _aSharma, A.S.
245 _aCounselling psychology
_cA.S. Sharma
260 _aNew Delhi
_bCommonwealth Publishers
_c2008
300 _a218p
504 _aIncludes index
630 _aCounselling
650 _aCounselling Pychology
651 _aPsychology
850 _aLCLIB
942 _cBK
999 _c18607
_d69086